MAASAI MARA UNIVERSITY

LIBRARY CATALOGUE

Contact Us: +254 020 2685356/7 or 0774 057787

Box: 861-20500, NAROK, KENYA

Email: info@mmarau.ac.ke

Replication research in the social sciences / (Record no. 16436)

MARC details
000 -LEADER
fixed length control field 01314cam a2200325 a 4500
001 - CONTROL NUMBER
control field 2469617
003 - CONTROL NUMBER IDENTIFIER
control field OSt
005 - DATE AND TIME OF LATEST TRANSACTION
control field 20211122041849.0
008 - FIXED-LENGTH DATA ELEMENTS--GENERAL INFORMATION
fixed length control field 901108r1991 caua b 001 0 eng
010 ## - LIBRARY OF CONGRESS CONTROL NUMBER
LC control number 90024581
020 ## - INTERNATIONAL STANDARD BOOK NUMBER
International Standard Book Number 0803940912
020 ## - INTERNATIONAL STANDARD BOOK NUMBER
International Standard Book Number 0803940920 (pbk.)
040 ## - CATALOGING SOURCE
Transcribing agency MMU
Original cataloging agency MMU
Language of cataloging eng
Modifying agency MMU
050 00 - LIBRARY OF CONGRESS CALL NUMBER
Classification number H62
Item number .R443 1991
082 00 - DEWEY DECIMAL CLASSIFICATION NUMBER
Classification number 300/.72
Edition number 20
245 00 - TITLE STATEMENT
Title Replication research in the social sciences /
Statement of responsibility, etc. edited by James W. Neuliep.
260 ## - PUBLICATION, DISTRIBUTION, ETC. (IMPRINT)
Place of publication, distribution, etc. Newbury Park :
Name of publisher, distributor, etc. Sage Publications,
Date of publication, distribution, etc. c1991.
300 ## - PHYSICAL DESCRIPTION
Extent 517 p. :
Other physical details ill. ;
Dimensions 23 cm.
500 ## - GENERAL NOTE
General note "Originally published as a special issue of the Journal of social behavior and personality."
504 ## - BIBLIOGRAPHY, ETC. NOTE
Bibliography, etc Includes bibliographical references and indexes.
650 #0 - SUBJECT ADDED ENTRY--TOPICAL TERM
Topical term or geographic name as entry element Social sciences
General subdivision Research.
650 #0 - SUBJECT ADDED ENTRY--TOPICAL TERM
Topical term or geographic name as entry element Social sciences
General subdivision Methodology.
650 #0 - SUBJECT ADDED ENTRY--TOPICAL TERM
Topical term or geographic name as entry element Replication (Experimental design)
700 1# - ADDED ENTRY--PERSONAL NAME
Personal name Neuliep, James William,
Dates associated with a name 1957-
856 42 - ELECTRONIC LOCATION AND ACCESS
Materials specified Publisher description
Uniform Resource Identifier <a href="http://www.loc.gov/catdir/enhancements/fy0655/90024581-d.html">http://www.loc.gov/catdir/enhancements/fy0655/90024581-d.html</a>
856 41 - ELECTRONIC LOCATION AND ACCESS
Materials specified Table of contents only
Uniform Resource Identifier <a href="http://www.loc.gov/catdir/enhancements/fy0655/90024581-t.html">http://www.loc.gov/catdir/enhancements/fy0655/90024581-t.html</a>
906 ## - LOCAL DATA ELEMENT F, LDF (RLIN)
a 7
b cbc
c orignew
d 1
e ocip
f 19
g y-gencatlg
942 ## - ADDED ENTRY ELEMENTS (KOHA)
Source of classification or shelving scheme Library of Congress Classification
Koha item type SL
Holdings
Withdrawn status Lost status Source of classification or shelving scheme Damaged status Not for loan Home library Current library Date acquired Source of acquisition Total Checkouts Full call number Barcode Date last seen Price effective from Koha item type
    Library of Congress Classification     Maasai Mara University Library -Main Campus Maasai Mara University Library -Main Campus 02/12/2016 Donation   H62 .R443 1991 20129650 02/12/2016 02/12/2016 SL
© 2016 Maasai Mara University.